000
00243nam a2200097Ia 4500
001
832469
005
20250826172355.0
008
250824s9999 xx 000 0 und d
245
0
_a
AYET AYET HAYAT
_c
YAVUZ BAHADIROĞLU
260
_b
PANAMA YAYINLARI
999
_c
832469
_d
832469